| 000 | 00697nam a2200169 a 4500 | ||
|---|---|---|---|
| 008 | 210329s1998 ||||||||||||||||| || u | ||
| 020 | _a9780787617370 | ||
| 050 | _aREF K 640 Cou | ||
| 100 | _aKnappman, Edward W | ||
| 245 | 1 | 0 |
_aCourtroom drama : 120 of the world's most notable trials (Volume 2) _cBy Elizabeth Frost-Knappman; Edward W. Knappman; Lisa paddock |
| 260 |
_aNew York _c1998 |
||
| 300 | _axlvi, 576 pages : illustrations | ||
| 650 | _aTRIALS--LAW | ||
| 700 | _aFrost-Knappman, Elizabeth | ||
| 700 | _aPaddock, Lisa | ||
| 995 |
_D4.84 _FCBU-MAIN LIBRARY (Kitwe) _M1 _UAVAILABLE _WApr 7, 2021 _ZMain Library Open Access Collection |
||
| 999 |
_c39092 _d39092 |
||